Oceanian Geography by Letter - D - Statistics

General Stats
  • This quiz has been taken 228 times
    156 since last reset
  • The average score is 12 of 20
Answer Stats
Hint Answer % Correct
Australian wild dog Dingo
93%
Currency used in most countries Dollar
93%
Capital of Northern Territory Darwin
89%
Former name of Indonesia {Dutch} East Indies
89%
Carnivorous marsupial of Tasmania Tasmanian {Devil}
88%
Nickname for Australia The Land {Down} {Under}
86%
Tube-shaped musical instrument of Indigenous Australians Didgeridoo
71%
Great Victoria, Simpson, e.g. Deserts
69%
Longest mountain range in Australia Great {Dividing} Range
64%
Political party ruling Hawaii Democratic
58%
"Lovely" tributary of Murray River Darling
55%
Metabolic disorder that affects 40% of the Nauruan population, the highest in the world Diabetes
55%
Former name of Tasmania Van {Diemen}'s Land
47%
Second largest city in South Island Dunedin
45%
Sea cow that is PNG's national fish Dugong
41%
Largest coastal city of Tasmania {Devon}port
40%
Famous volcanic cone in Oahu {Diamond} Head
30%
National anthem of New Zealand God {Defend} New Zealand
26%
Smallest type of cassowary Dwarf Cassowary
14%
Most populous city in Guam Dededo
9%
No matching quizzes found
Score Distribution
Percent of People with Each Score
Percentile by Number Answered
Your Score History
You have not taken this quiz since the last reset